| 000 | 00570cam a2200169Ka 4500 | ||
|---|---|---|---|
| 082 |
_a943 _bDAW |
||
| 100 | 1 |
_aDawson, William Harbutt, _950177 |
|
| 245 | 1 | 4 |
_aThe evolution of modern Germany _cby William Harbutt Dawson. |
| 260 |
_aLondon : _bT.F. Unwin, _c[1911] |
||
| 300 | _a1 online resource (xvi, 503 p.) | ||
| 526 |
_a0 _b0 _c0 _d943_000000000000000_DAW |
||
| 650 | 0 |
_aCompetition, International. _913612 |
|
| 650 | 0 |
_aIndustries _zGermany. _950178 |
|
| 650 | 0 |
_aMCE _9379 |
|
| 856 | 4 | 0 | _uhttp://catalog.hathitrust.org/api/volumes/oclc/11503606.html |
| 942 |
_2ddc _cBK |
||
| 999 |
_c552908 _d552908 |
||